Guess the Zach Bryan Song by the Lyric #1 - Statistics

General Stats
  • This quiz has been taken 490 times
  • The average score is 6 of 11
Answer Stats
LYRIC TITLE % Correct
"Cold shoulder, closing time, you were begging me to stay til the sun rose" (ft. Kacey Musgraves) I Remember Everything
87%
"It just dawned on me life is as pleasing as the passing dawn" (ft. Maggie Rogers) Dawns
86%
"To you I'm just a man, to me you're, all I am" Something In The Orange
86%
"Got a boy who was a dreamer, he flew so high and proud" Heading South
78%
"You've been stabbed in the back and the rest of your body, won't you tell me where you're bleeding from" Tourniquet
70%
"If you could see me now, you'd be proud" Pink Skies
61%
"You bring Heaven, down to me" Snow
59%
"You remember sitting there, one rainy night in a well-used chair, telling me how well you used to dance" November Air
39%
"So look up tonight, the moon she's shining, and we'll be alright" She's Alright
33%
"If you plan on leaving, don't come at all" Condemned
27%
"No we ain't going out, til I make some promises that I can keep" Leaving
20%
No matching quizzes found
Score Distribution
Percent of People with Each Score
Percentile by Number Answered
Your Score History
You have not taken this quiz